| 000 | 00515nam a22001937a 4500 | ||
|---|---|---|---|
| 003 | OSt | ||
| 005 | 20140310184525.0 | ||
| 008 | 131022t xxu||||| |||| 00| 0 eng d | ||
| 050 |
_aBL 783 _b.B79 2010 |
||
| 100 |
_aBryant, Megan E. _926059 |
||
| 245 |
_aMythlopedia / _bOh my gods. _cBryant, Megan E. |
||
| 260 |
_aNew York _bScholastic Inc. _c2010 |
||
| 300 |
_a128 p _bcol., ill.; _c24 cm |
||
| 521 | _aG8 | ||
| 526 | _c960 | ||
| 700 |
_aBryant, Megan E. _926059 |
||
| 942 |
_2lcc _cBK-SCHOLAS |
||
| 999 |
_c35102 _d35102 |
||